Structural analysis : (Record no. 541482)

000 -LEADER
fixed length control field 00854cam a2200241 a 4500
020 ## - INTERNATIONAL STANDARD BOOK NUMBER
International Standard Book Number 0415774322 (hbk. : alk. paper)
020 ## - INTERNATIONAL STANDARD BOOK NUMBER
International Standard Book Number 0415774330 (pbk. : alk. paper)
020 ## - INTERNATIONAL STANDARD BOOK NUMBER
International Standard Book Number 9780415774321 (hbk. : alk. paper)
020 ## - INTERNATIONAL STANDARD BOOK NUMBER
International Standard Book Number 9780415774338 (pbk. : alk. paper)
082 00 - DEWEY DECIMAL CLASSIFICATION NUMBER
Classification number 624.171
Author Mark GHA
-- N-01, P-40
100 1# - MAIN ENTRY--PERSONAL NAME
Personal name Ghali, A.
9 (RLIN) 36416
245 10 - TITLE STATEMENT
Title Structural analysis :
Remainder of title a unified classical and matrix approach /
Statement of responsibility, etc. A. Ghali, A.M. Neville and T.G. Brown.
250 ## - EDITION STATEMENT
Edition statement 6th ed.
260 ## - PUBLICATION, DISTRIBUTION, ETC.
Place of publication, distribution, etc. London ;
-- New York :
Name of publisher, distributor, etc. Spon Press,
Date of publication, distribution, etc. 2009.
300 ## - PHYSICAL DESCRIPTION
Extent xxvi, 835 p. :
Other physical details ill. ;
Dimensions 26 cm.
526 ## - STUDY PROGRAM INFORMATION NOTE
Program name 0
Interest level 0
Reading level 0
Title point value 624_171000000000000_GHA
526 ## - STUDY PROGRAM INFORMATION NOTE
Program name 0
Interest level 0
Reading level 0
Title point value 624_171000000000000_GHA
650 #0 - SUBJECT ADDED ENTRY--TOPICAL TERM
Topical term or geographic name entry element NUST
9 (RLIN) 6342
650 #0 - SUBJECT ADDED ENTRY--TOPICAL TERM
Topical term or geographic name entry element Structural analysis (Engineering)
9 (RLIN) 654
700 1# - ADDED ENTRY--PERSONAL NAME
Personal name Brown, T. G.
9 (RLIN) 36417
700 1# - ADDED ENTRY--PERSONAL NAME
Personal name Neville, Adam M.
9 (RLIN) 36418
942 ## - ADDED ENTRY ELEMENTS (KOHA)
Source of classification or shelving scheme
Koha item type Book
Holdings
Withdrawn status Lost status Source of classification or shelving scheme Damaged status Not for loan Permanent Location Current Location Date acquired Total Checkouts Full call number Barcode Date last seen Date last checked out Price effective from Koha item type Public note Shelving location Copy number
          Military College of Engineering (MCE) Military College of Engineering (MCE) 08/19/2014 1 624.171 GHA MCE-50099 08/13/2018 08/13/2018 08/19/2014 Book MCE    
          Military College of Engineering (MCE) Military College of Engineering (MCE) 07/31/2013   624.171 GHA MCE-47455 07/31/2013   03/14/2021 Book Original Reference 01
© 2023 Central Library, National University of Sciences and Technology. All Rights Reserved.